Prénoms féminins les plus populaires en L - Statistiques

Statistiques générales
  • Ce quiz a été pris 5 456 fois
    471 depuis la dernière actualisation
  • Le résultat moyen est 23 sur 49
Statistiques - réponses
Hint Réponse % Correct
Li Lia
92%
Léa
91%
Lu Lucie
89%
Lo Lou
88%
La Laura
86%
La Laure
77%
Léana
75%
La Lana
71%
Lo Louise
69%
Lo Lola
68%
La Lara
67%
Léna
67%
Li Lisa
66%
Li Lily
64%
Li Lina
63%
Li Lise
61%
La Laurie
53%
Li Lilou
52%
Lo Louane
52%
Lu Luna
50%
Li Lila
49%
Léonie
48%
Lo Louna
47%
Léane
46%
La Laurence
44%
Li Line
43%
Lu Luce
43%
La Laurine
38%
Lu Lucile
36%
Li Liliane
35%
Lu Lucienne
35%
Lu Ludivine
34%
Li Lison
33%
Lu Lucette
33%
La Laetitia
32%
Lo Louisa
32%
La Laly
30%
Ly Lydia
27%
La Laurette
26%
Ly Lydie
25%
Lo Louison
21%
La Laurene
20%
Le Leila
18%
Lo Louisette
18%
Li Linda
15%
Léontine
13%
Le Leslie
12%
Li Liam
10%
Li Lindsay
6%
Aucun quiz correspondant
Distribution des résultats
% des personnes avec chaque résultat
Percentile par nombre de réponses
Votre historique - résultats
Vous n’avez pas pris ce quiz depuis la dernière actualisation